000 00542nam a22001937a 4500
005 20241209160324.0
008 241209b ||||| |||| 00| 0 eng d
040 _cAL
041 _aEnglish
082 _223
_a348.5487
_bPULK
100 _aKarnataka law Journal publications
_9189110
245 _aKarnataka Local Laws:Vol 4
250 _a2
260 _aBangalore
_bKarnataka Law Journal Publications
_c2024
300 _a1683 p.
_bHB
_c24x16 cm
650 _aLaw
_9189069
700 _aPULIANI (Yashpal) ed
_9189070
942 _2ddc
_cBI
999 _c232391
_d232391